000 01458cam a22003857a 4500
001 15978126
003 OSt
005 20211122102350.0
008 091109s2010 gw a b 001 0 eng d
010 _a 2009941047
016 7 _a015719718
_2Uk
020 _a9783540239550
035 _a(OCoLC)ocn149525941
038 _aKhadija
040 _aBTCTA
_cBTCTA
_dYDXCP
_dBWX
_dOCLCQ
_dCAI
_dVRC
_dUKMGB
_dDLC
042 _alccopycat
050 0 0 _aTJ211.4
_b.O83 2010
082 0 4 _a629.8933
_bOTA
100 1 _aOtake, Mihoko.
_984853
245 1 0 _aElectroactive polymer gel robots :
_bmodelling and control of artifical muscles /
_cMihoko Otake.
260 _aBerlin :
_bSpringer Verlag,
_cc2010.
300 _axv, 238 p. :
_bill. (some col.) ;
_c25 cm.
490 1 _aSpringer tracts in advanced robotics,
_x1610-7438 ;
_vv. 59
504 _aIncludes bibliographical references and index.
563 _aHB
650 0 _aRobots
_xMotion.
_984854
650 0 _aPolymers.
_984855
830 0 _aSpringer tracts in advanced robotics ;
_vv. 59.
_984856
856 4 2 _3Publisher description
_uhttp://www.loc.gov/catdir/enhancements/fy1304/2009941047-d.html
856 4 1 _3Table of contents only
_uhttp://www.loc.gov/catdir/enhancements/fy1304/2009941047-t.html
906 _a7
_bcbc
_ccopycat
_d2
_encip
_f20
_gy-gencatlg
942 _2ddc
_cBK
999 _c33180
_d33180